[Event "Paris-ch Open B"]
[Site "Paris"]
[Date "2011.07.02"]
[Round "1.1"]
[White "Dagonia, Steve"]
[Black "Guerlach, Keigo"]
[Result "1/2-1/2"]
[WhiteElo "1900"]
[BlackElo "1652"]
[PlyCount "114"]

1. c4 e6 2. Nc3 d5 3. e3 c6 4. d4 Nf6 5. Nf3 Nbd7 6. cxd5 exd5 7. Bd3 Bd6 8.
O-O O-O 9. Re1 Re8 10. Qc2 Nf8 11. e4 dxe4 12. Nxe4 Nxe4 13. Bxe4 Bg4 14. Ng5
Bf5 15. Bd2 Bxe4 16. Rxe4 Rxe4 17. Qxe4 Qe7 18. Qd3 Re8 19. Kf1 h6 20. Re1 Qd7
21. Ne4 Re6 22. Qh3 Qe7 23. Qf5 Bb4 24. Nc3 Rxe1+ 25. Bxe1 Bxc3 26. Bxc3 Qe6
27. Qa5 Qc4+ 28. Ke1 a6 29. a3 Qd3 30. Qe5 Qg6 31. g3 Qe6 32. f4 f6 33. Qxe6+
Nxe6 34. f5 Nc7 35. Ke2 Kf7 36. g4 b6 37. a4 a5 38. Kd3 Nd5 39. Bd2 Ke7 40. Kc4
Kd7 41. b3 Kd6 42. Bc1 b5+ 43. axb5 Nb6+ 44. Kd3 cxb5 45. Ba3+ b4 46. Bc1 Kd5
47. Bd2 Kc6 48. Bf4 Nd5 49. Bd2 Kb5 50. Kc2 a4 51. bxa4+ Kxa4 52. Kb2 Nb6 53.
Bf4 Nc4+ 54. Kb1 Na3+ 55. Kb2 Nc4+ 56. Kb1 Na3+ 57. Kb2 Nc4+ 1/2-1/2

[Event "Paris-ch Open B"]
[Site "Paris"]
[Date "2011.07.02"]
[Round "1.2"]
[White "Atamian, Claude"]
[Black "Chang, Xavier"]
[Result "0-1"]
[WhiteElo "1651"]
[BlackElo "1897"]
[PlyCount "106"]

1. e4 Nf6 2. Nc3 d6 3. Nf3 Nbd7 4. Bc4 Nb6 5. Bb3 c5 6. d3 h6 7. a4 e5 8. a5
Nbd7 9. Bd2 Be7 10. h3 Nf8 11. Qc1 Ne6 12. g4 Nd4 13. Nxd4 cxd4 14. Nd5 Nxd5
15. Bxd5 Rb8 16. Bb3 Bh4 17. Qd1 O-O 18. Qe2 Be6 19. Ba4 b5 20. axb6 axb6 21.
Bb5 Qc7 22. Bb4 Rfd8 23. O-O Rbc8 24. c4 dxc3 25. bxc3 d5 26. f3 Bg5 27. Ra6
Ra8 28. Rfa1 Rxa6 29. Rxa6 d4 30. c4 Be3+ 31. Kg2 Rb8 32. Qa2 Qd8 33. Ra7 Qh4
34. Bd6 Qe1 35. Qa1 Qf2+ 36. Kh1 Qxf3+ 37. Kh2 Bf4+ 38. Kg1 Qg3+ 39. Kf1 Qxh3+
40. Ke1 Qe3+ 41. Kf1 Qxd3+ 42. Kg1 Qg3+ 43. Kf1 Qh3+ 44. Ke1 Qh1+ 45. Ke2 Qxe4+
46. Kf2 Qe3+ 47. Kg2 Qe2+ 48. Kg1 Qxg4+ 49. Kf1 Qh3+ 50. Ke1 Qh1+ 51. Ke2 Qh2+
52. Ke1 Qd2+ 53. Kf1 Bh3+ 0-1

[Event "Paris-ch Open B"]
[Site "Paris"]
[Date "2011.07.02"]
[Round "1.3"]
[White "Insuasty, Luis"]
[Black "Melchy, Julien"]
[Result "1-0"]
[WhiteElo "1896"]
[BlackElo "1650"]
[PlyCount "69"]

1. c4 e5 2. g3 f5 3. Bg2 Nf6 4. d3 d6 5. Nc3 c6 6. Nh3 Na6 7. a3 Nc7 8. e3 Be7
9. O-O O-O 10. f4 Ng4 11. Nf2 Nf6 12. b4 Kh8 13. Bb2 Rb8 14. a4 exf4 15. exf4
d5 16. c5 b6 17. cxb6 Rxb6 18. Na2 Bxb4 19. Nxb4 Rxb4 20. Ba3 Rb8 21. Bxf8 Qxf8
22. Qc2 c5 23. Rfe1 Ne6 24. Qa2 Qd6 25. Re5 Nc7 26. Rae1 g6 27. Nd1 Ba6 28. Qa1
Kg8 29. Nc3 Rd8 30. Nb5 Bxb5 31. axb5 Qb6 32. Kh1 Ng4 33. Re7 d4 34. Qa2+ Nd5
35. Bxd5+ 1-0

[Event "Paris-ch Open B"]
[Site "Paris"]
[Date "2011.07.02"]
[Round "1.4"]
[White "Laurent-Tenaille, Christian"]
[Black "Collette, Gilles"]
[Result "1/2-1/2"]
[WhiteElo "1648"]
[BlackElo "1895"]
[PlyCount "78"]

1. c4 e5 2. g3 Nc6 3. Bg2 f5 4. e3 Nf6 5. Ne2 g6 6. d4 d6 7. Nbc3 Bg7 8. a3 O-O
9. O-O Nh5 10. Qc2 exd4 11. exd4 Nxd4 12. Nxd4 Bxd4 13. Rd1 Bg7 14. c5 f4 15.
cxd6 cxd6 16. Nb5 Be5 17. Qc4+ Kh8 18. Nc7 Rb8 19. Bd5 fxg3 20. hxg3 b5 21.
Nxb5 Qb6 22. Nd4 Ba6 23. Qc3 Nxg3 24. fxg3 Be2 25. Be3 Bxd1 26. Rxd1 Qxb2 27.
Qxb2 Rxb2 28. Rf1 Rxf1+ 29. Kxf1 Bxg3 30. Nc6 Be5 31. Nxe5 dxe5 32. Bxa7 Rd2
33. Be4 Ra2 34. Bb8 Ra1+ 35. Kf2 Ra2+ 36. Ke1 Ra1+ 37. Ke2 Ra2+ 38. Ke1 Ra1+
39. Ke2 Ra2+ 1/2-1/2

[Event "Paris-ch Open B"]
[Site "Paris"]
[Date "2011.07.02"]
[Round "1.5"]
[White "Percheron, Andre"]
[Black "Hassanaly, Ikbal"]
[Result "1-0"]
[WhiteElo "1890"]
[BlackElo "1647"]
[PlyCount "63"]

1. e4 d5 2. exd5 Qxd5 3. Nc3 Qa5 4. d4 Bf5 5. Nf3 e6 6. Bd2 Qb6 7. Na4 Qc6 8.
c4 Qe4+ 9. Be2 Nc6 10. Nc3 Qg4 11. Nb5 O-O-O 12. Ng5 Qxg2 13. Bf3 Bg4 14. Bxg2
Bxd1 15. Rxd1 Rd7 16. Be3 Bb4+ 17. Nc3 h6 18. Nge4 Na5 19. Nd2 Ne7 20. a3 Bxc3
21. bxc3 Nf5 22. Ke2 Nd6 23. c5 Nb5 24. Kd3 c6 25. c4 Nc7 26. Ne4 Rhd8 27. Nd6+
Kb8 28. Rb1 Ne8 29. Bd2 Nxc4 30. Kxc4 Nxd6+ 31. cxd6 Rxd6 32. Bf4 1-0

[Event "Paris-ch Open B"]
[Site "Paris"]
[Date "2011.07.02"]
[Round "1.6"]
[White "Laugie, Guy"]
[Black "Dimitrijevic, Dragan"]
[Result "1-0"]
[WhiteElo "1647"]
[BlackElo "1884"]
[PlyCount "51"]

1. e4 c5 2. d4 cxd4 3. c3 dxc3 4. Nxc3 a6 5. Bc4 e6 6. Nf3 Qc7 7. Qe2 Nc6 8. e5
d5 9. exd6 Bxd6 10. Nd5 Qd8 11. Bg5 Nge7 12. Nc3 h6 13. Bh4 Qa5 14. O-O Nf5 15.
Rad1 Ne5 16. Nxe5 g5 17. Nxf7 Kxf7 18. Qh5+ Kg7 19. Ne4 Bxh2+ 20. Kxh2 Nxh4 21.
Nd6 Ng6 22. Bd3 Qe5+ 23. g3 Qf6 24. Rc1 Rd8 25. Rc7+ Ne7 26. Ne8+ 1-0

[Event "Paris-ch Open B"]
[Site "Paris"]
[Date "2011.07.02"]
[Round "1.7"]
[White "Leclerc, Arnaud"]
[Black "Ariza, Thomas"]
[Result "1-0"]
[WhiteElo "1883"]
[BlackElo "1645"]
[PlyCount "107"]

1. e4 e6 2. d3 d5 3. Nd2 c5 4. Ngf3 Nf6 5. g3 Be7 6. Bg2 O-O 7. O-O Nc6 8. e5
Nd7 9. Re1 Qc7 10. Qe2 Rb8 11. h4 b6 12. Nf1 Bb7 13. N1h2 a6 14. Ng4 Rfd8 15.
Bg5 Bxg5 16. Nxg5 h6 17. Nf3 Ne7 18. h5 Nf5 19. Ngh2 b5 20. Bh3 Ne7 21. Nh4 d4
22. f4 Re8 23. Ng4 Qc6 24. Nf2 Qc7 25. Ne4 Bxe4 26. Qxe4 Rbd8 27. Qe2 Nd5 28.
Bg2 Ne3 29. Be4 Nb6 30. Rac1 Ned5 31. c3 dxc3 32. bxc3 Na4 33. Bxd5 Rxd5 34.
Qe4 Nb2 35. d4 cxd4 36. cxd4 Qb6 37. Nf3 Nc4 38. Red1 Red8 39. g4 Qa5 40. Rc2
Qa3 41. Rd3 Qb4 42. Rb3 Qe7 43. g5 Qf8 44. gxh6 gxh6 45. f5 exf5 46. Qxf5 Kh8
47. Rg2 Qe7 48. Qg4 Qf8 49. Qf4 a5 50. Qf6+ Kh7 51. Nh4 Nd6 52. Rbg3 Ne8 53.
Qf5+ Kh8 54. Ng6+ 1-0

[Event "Paris-ch Open B"]
[Site "Paris"]
[Date "2011.07.02"]
[Round "1.8"]
[White "Strowsky, Mikhail"]
[Black "Heublum, Harry"]
[Result "1/2-1/2"]
[WhiteElo "1644"]
[BlackElo "1879"]
[PlyCount "110"]

1. e4 e6 2. d4 d5 3. Nc3 Bb4 4. Qd3 dxe4 5. Qxe4 Nf6 6. Qh4 Nc6 7. Nf3 b6 8. a3
Be7 9. Bb5 Bb7 10. Ne5 Qd6 11. Qg3 O-O-O 12. Nxf7 Qxg3 13. hxg3 Nxd4 14. O-O
Nxc2 15. Ra2 Nd4 16. Nxh8 Nxb5 17. Nxb5 Ba6 18. Re1 Bxb5 19. Nf7 Rf8 20. Ne5
Bd6 21. Nf3 Ng4 22. b4 e5 23. Be3 Bc6 24. Nd2 Bd5 25. Rc2 e4 26. Nc4 Be7 27.
Bf4 g5 28. Bxc7 Nxf2 29. Rxf2 Rxf2 30. Kxf2 Kxc7 31. Ne3 Be6 32. Rh1 Bg8 33.
Nf5 Bf8 34. Rh5 g4 35. Ke3 a5 36. bxa5 bxa5 37. a4 Bb3 38. Rxh7+ Kb6 39. Kxe4
Bxa4 40. Kd3 Bc6 41. Rf7 Bc5 42. Rf6 Kb5 43. Nd4+ Bxd4 44. Kxd4 Bxg2 45. Kc3
Bf3 46. Kb3 Bd1+ 47. Ka3 Kc4 48. Rd6 Bc2 49. Rd8 a4 50. Rg8 Bd1 51. Rd8 Be2 52.
Rf8 Bf3 53. Rc8+ Kd3 54. Rf8 Bd1 55. Rf4 Bf3 1/2-1/2

[Event "Paris-ch Open B"]
[Site "Paris"]
[Date "2011.07.02"]
[Round "1.9"]
[White "Belardello, Mario-Jovani"]
[Black "Ferriere, Patrick"]
[Result "1-0"]
[WhiteElo "1877"]
[BlackElo "1643"]
[PlyCount "61"]

1. Nf3 Nf6 2. c4 d6 3. d4 g6 4. g3 Bg7 5. Bg2 c5 6. O-O cxd4 7. Nxd4 O-O 8. Nc3
Bd7 9. Bxb7 Bh3 10. Bxa8 Bxf1 11. Kxf1 Nbd7 12. Bg2 Ne5 13. b3 Qb6 14. h3 Qb4
15. Bd2 Qc5 16. Nf3 h6 17. Nxe5 dxe5 18. Be3 Qc7 19. Rc1 Nh5 20. Qd5 e6 21. Qc6
Rc8 22. Qxc7 Rxc7 23. Nb5 Rd7 24. Nxa7 f5 25. Bc6 Rf7 26. Be8 Rf6 27. c5 f4 28.
gxf4 exf4 29. Bd4 Rf8 30. Bxg7 Kxg7 31. c6 1-0

[Event "Paris-ch Open B"]
[Site "Paris"]
[Date "2011.07.02"]
[Round "1.10"]
[White "Rodriguez, Jean-Pierre"]
[Black "Ernouf, Anthony"]
[Result "0-1"]
[WhiteElo "1642"]
[BlackElo "1874"]
[PlyCount "68"]

1. c4 e6 2. Nc3 Nf6 3. g3 c6 4. d4 d5 5. cxd5 cxd5 6. Bg2 Nc6 7. Nf3 Bb4 8. O-O
O-O 9. a3 Bxc3 10. bxc3 Qa5 11. Bb2 Bd7 12. Ne5 Nxe5 13. dxe5 Ba4 14. Qd4 Nd7
15. e4 dxe4 16. Bxe4 Rfd8 17. Qb4 Qxb4 18. cxb4 Rab8 19. Rac1 Nb6 20. Rc7 Nd5
21. Bxd5 Rxd5 22. Rfc1 Bc6 23. h4 Rbd8 24. Kh2 h6 25. a4 a6 26. b5 axb5 27.
axb5 Rxb5 28. Ba3 Rxe5 29. Bc5 Red5 30. Be3 Rd1 31. Rxd1 Rxd1 32. Kh3 h5 33. g4
Rh1+ 34. Kg3 Rg1+ 0-1

[Event "Paris-ch Open B"]
[Site "Paris"]
[Date "2011.07.03"]
[Round "2.1"]
[White "Chang, Xavier"]
[Black "Jacq, Philippe"]
[Result "1/2-1/2"]
[WhiteElo "1897"]
[BlackElo "1724"]
[PlyCount "98"]

1. Nf3 Nf6 2. d4 d5 3. e3 e6 4. Bd3 Nbd7 5. b3 c5 6. O-O Bd6 7. Bb2 Qc7 8. Nbd2
b6 9. c4 O-O 10. Rc1 Bb7 11. cxd5 exd5 12. Qc2 Rfe8 13. h3 h6 14. dxc5 bxc5 15.
Bb5 Bc6 16. Nd4 cxd4 17. Qxc6 Qxc6 18. Bxc6 dxe3 19. fxe3 Rad8 20. Bxf6 gxf6
21. Bxd7 Rxd7 22. Rxf6 Rxe3 23. Nf1 Re2 24. Rf2 Rde7 25. Rc6 R2e6 26. Rc8+ Kg7
27. Rd2 Rf6 28. Rf2 Rfe6 29. Rd2 Rf6 30. Rcc2 Bc7 31. Rd1 d4 32. Nh2 Bb6 33.
Kh1 d3 34. Rcd2 Re2 35. Rxd3 Rxa2 36. Nf3 Re6 37. Nd4 Bxd4 38. Rxd4 Rg6 39.
R1d2 Rxd2 40. Rxd2 a5 41. Kg1 Ra6 42. Kf2 Rb6 43. Rd3 Rb4 44. Ke3 a4 45. bxa4
Rxa4 46. g4 Ra5 47. Kf4 Ra1 48. Rd6 Rf1+ 49. Kg3 Ra1 1/2-1/2

[Event "Paris-ch Open B"]
[Site "Paris"]
[Date "2011.07.03"]
[Round "2.3"]
[White "Imbert, Gerard"]
[Black "Percheron, Andre"]
[Result "0-1"]
[WhiteElo "1722"]
[BlackElo "1890"]
[PlyCount "90"]

1. d4 Nf6 2. c4 e6 3. Nc3 b6 4. Nf3 Bb7 5. e3 Be7 6. Bd3 d5 7. cxd5 Nxd5 8.
Nxd5 exd5 9. O-O O-O 10. b3 Nd7 11. Bb2 Nf6 12. Rc1 Rc8 13. Ne5 c5 14. dxc5
bxc5 15. Nf3 Nd7 16. Qc2 h6 17. Ne5 Nxe5 18. Bxe5 Bd6 19. Bxd6 Qxd6 20. Rcd1
Qe5 21. Bf5 Rc6 22. Bg4 Qg5 23. Bf3 Rf6 24. h4 Qxh4 25. Bxd5 Bxd5 26. Rxd5 Rg6
27. Rxc5 Qg4 28. g3 Rf6 29. Rc4 Qg5 30. Qe2 h5 31. Rh4 Rh6 32. Kh2 Rd8 33. Rd1
Rxd1 34. Qxd1 Qf5 35. Rf4 Qe6 36. Rd4 Qf6 37. Rd8+ Kh7 38. Qd3+ Rg6 39. f4 Qb2+
40. Qd2 Qb1 41. Rd5 f5 42. Qd3 Qe1 43. e4 h4 44. Qf3 hxg3+ 45. Kg2 Rh6 0-1

[Event "Paris-ch Open B"]
[Site "Paris"]
[Date "2011.07.03"]
[Round "2.4"]
[White "Bok, Gidius"]
[Black "Leclerc, Arnaud"]
[Result "0-1"]
[WhiteElo "1721"]
[BlackElo "1883"]
[PlyCount "120"]

1. e4 e5 2. Nf3 f5 3. Nxe5 Qf6 4. Nf3 fxe4 5. Qe2 Qe7 6. Nd4 Nf6 7. d3 d5 8.
Bg5 exd3 9. Qxe7+ Bxe7 10. Bxd3 O-O 11. O-O Bc5 12. Nf3 Nc6 13. Nc3 Nb4 14.
Rad1 Nxd3 15. Rxd3 c6 16. a3 Bf5 17. Rd2 Rae8 18. Nh4 Bc8 19. b4 Bb6 20. Bxf6
Rxf6 21. Na4 Bc7 22. c3 Rh6 23. g3 Re4 24. Ng2 Re7 25. Re1 Rxe1+ 26. Nxe1 Re6
27. Nd3 Re7 28. f4 Kf7 29. Kf2 Bg4 30. Ne1 h6 31. Nf3 Kf6 32. Re2 Rxe2+ 33.
Kxe2 Bd6 34. Ke3 b6 35. Ne1 Bd1 36. Nb2 Bb3 37. Nf3 c5 38. bxc5 bxc5 39. a4 Bc2
40. h3 Bc7 41. Ne1 Bb3 42. Ned3 Bb6 43. Nc1 Bc2 44. Ne2 h5 45. g4 hxg4 46. hxg4
g6 47. Kd2 Be4 48. Ke3 Bb1 49. Kf2 Be4 50. Ke3 Bb1 51. Ng3 Ke6 52. Kd2 Kd6 53.
Kc1 Ba2 54. Kc2 c4 55. Ne2 Bb3+ 56. Kd2 Bf2 57. Nc1 Bg3 58. f5 Bf4+ 59. Ke2
Bxc1 60. fxg6 Ke6 0-1

[Event "Paris-ch Open B"]
[Site "Paris"]
[Date "2011.07.03"]
[Round "2.5"]
[White "Ruelle, Cedric"]
[Black "Belardello, Mario-Jovani"]
[Result "1-0"]
[WhiteElo "1720"]
[BlackElo "1877"]
[PlyCount "138"]

1. e4 c6 2. d4 d5 3. Nc3 dxe4 4. Nxe4 Bf5 5. Ng3 Bg6 6. h4 h6 7. h5 Bh7 8. Nf3
Nd7 9. Bd3 Bxd3 10. Qxd3 e6 11. Bf4 Qa5+ 12. Bd2 Qc7 13. O-O-O Ngf6 14. Kb1 Be7
15. c4 Ng4 16. Qe2 O-O 17. Rc1 Rfe8 18. Bc3 Rad8 19. Ka1 Bd6 20. Ne4 Bf4 21.
Nfd2 f5 22. g3 Bxd2 23. Bxd2 fxe4 24. Qxg4 Nf6 25. Qe2 Qd7 26. Bc3 b5 27. Rcd1
bxc4 28. Qxc4 Qd5 29. Qe2 Qb5 30. Rde1 Rd5 31. Qe3 Rxh5 32. Rxh5 Qxh5 33. Qe2
Qf5 34. Bd2 Rd8 35. Be3 Qa5 36. Rc1 Qa4 37. Qc2 Qxc2 38. Rxc2 Rc8 39. b4 Rb8
40. a3 a5 41. bxa5 Ra8 42. Rxc6 Rxa5 43. Ka2 Kf7 44. Rb6 Nd5 45. Rb7+ Kf6 46.
Kb3 h5 47. Bd2 Ra6 48. a4 g6 49. a5 e5 50. Kc4 Ke6 51. dxe5 Kxe5 52. Rb5 Rc6+
53. Rc5 Rxc5+ 54. Kxc5 Ke6 55. Kc6 Ne7+ 56. Kb7 Kd7 57. a6 Nc6 58. Be3 g5 59.
a7 Nxa7 60. Bxa7 h4 61. g4 Ke6 62. Kc6 Ke5 63. Bb8+ Kd4 64. Bc7 Kd3 65. Kd5 h3
66. Bh2 e3 67. fxe3 Kxe3 68. Ke5 Kf3 69. Kf5 Kg2 1-0

[Event "Paris-ch Open B"]
[Site "Paris"]
[Date "2011.07.03"]
[Round "2.6"]
[White "Ernouf, Anthony"]
[Black "Morel, Jean Luc"]
[Result "1-0"]
[WhiteElo "1874"]
[BlackElo "1718"]
[PlyCount "45"]

1. d4 e6 2. e3 Nf6 3. Bd3 c5 4. c3 Nc6 5. f4 b6 6. Nf3 Bb7 7. O-O Be7 8. Nbd2
Qc7 9. Ne5 d6 10. Nxc6 Qxc6 11. Qe2 O-O 12. e4 Rad8 13. Rf3 cxd4 14. cxd4 Qa4
15. Nb3 e5 16. Bb5 Ba6 17. Bxa6 Nxe4 18. Bb5 Qb4 19. a3 Nc3 20. Rxc3 exd4 21.
axb4 dxc3 22. Qxe7 Rc8 23. bxc3 1-0

[Event "Paris-ch Open B"]
[Site "Paris"]
[Date "2011.07.03"]
[Round "2.7"]
[White "Bazzazi, Elnaz"]
[Black "Durand, Sylvain"]
[Result "1-0"]
[WhiteElo "1711"]
[BlackElo "1873"]
[PlyCount "87"]

1. e4 c5 2. c3 Nf6 3. e5 Nd5 4. d4 cxd4 5. cxd4 e6 6. Nf3 Nc6 7. a3 d6 8. Bd3
dxe5 9. dxe5 Bc5 10. O-O Bd7 11. Nbd2 Qc7 12. Ne4 Be7 13. Qb3 a6 14. Bd2 Nxe5
15. Nxe5 Qxe5 16. Qxb7 Qb8 17. Bxa6 Qxb7 18. Bxb7 Rb8 19. Bxd5 exd5 20. Ng3 Bf6
21. Rae1+ Be6 22. b4 Ra8 23. Bc1 Kd7 24. Re3 Rhc8 25. Rd3 Rc3 26. Rfd1 Kc6 27.
Ne2 Rxd3 28. Rxd3 Kb5 29. Kf1 Kc4 30. Rf3 d4 31. Nf4 Rd8 32. h3 d3 33. Bd2 Bc3
34. Ke1 Kb3 35. Rxd3 Rxd3 36. Nxd3 Bxd2+ 37. Kxd2 Kxa3 38. Kc3 Ka4 39. Nc5+ Kb5
40. Nxe6 fxe6 41. h4 e5 42. g4 h6 43. f3 g5 44. h5 1-0

[Event "Paris-ch Open B"]
[Site "Paris"]
[Date "2011.07.03"]
[Round "2.8"]
[White "Mousa, Medhat"]
[Black "De Balmann, Marc"]
[Result "0-1"]
[WhiteElo "1873"]
[BlackElo "1710"]
[PlyCount "104"]

1. d4 Nf6 2. c4 g6 3. Nc3 Bg7 4. Bg5 d6 5. e3 O-O 6. Nf3 Nbd7 7. Be2 c6 8. O-O
Qe8 9. Qc2 e5 10. Rad1 e4 11. Nd2 d5 12. cxd5 cxd5 13. Nb5 Qe7 14. Bf4 Ne8 15.
Rc1 a6 16. Nc3 Ndf6 17. Qb3 Be6 18. Na4 b5 19. Nc5 Nd6 20. Bxd6 Qxd6 21. Nxe6
fxe6 22. Rc5 Nd7 23. Rc2 Nb6 24. f3 exf3 25. Bxf3 Nc4 26. Rfc1 Qe7 27. Qd3 Qg5
28. Nxc4 Rxf3 29. Nb6 Rxe3 30. Qd2 Rf8 31. Nd7 Qf4 32. Nxf8 Bxd4 33. Kh1 Be5
34. g3 Qe4+ 35. Qg2 Re1+ 36. Rxe1 Qxe1+ 37. Qg1 Qxg1+ 38. Kxg1 Kxf8 39. Rc6
Bd4+ 40. Kf1 e5 41. b3 Ke7 42. Rxa6 b4 43. Ra5 Kd6 44. Rb5 Bc3 45. Rb7 d4 46.
Rxh7 Ke6 47. Ke2 e4 48. g4 Ke5 49. h4 Kf4 50. h5 d3+ 51. Kd1 e3 52. Re7 Kf3 0-1

[Event "Paris-ch Open B"]
[Site "Paris"]
[Date "2011.07.03"]
[Round "2.9"]
[White "Poirier, Luc"]
[Black "Duget, Long Jc"]
[Result "0-1"]
[WhiteElo "1705"]
[BlackElo "1870"]
[PlyCount "99"]

1. d4 f5 2. Nf3 Nf6 3. c4 e6 4. Bg5 Be7 5. Nc3 d6 6. e3 O-O 7. Bd3 Nc6 8. Bxf6
Bxf6 9. O-O e5 10. Be2 e4 11. Nd2 Bg5 12. a3 a5 13. Qb3 Nxd4 14. Qd1 Nc6 15.
Nb3 Ne5 16. Nd4 c6 17. Rb1 Bh6 18. b4 axb4 19. axb4 g5 20. Qb3 Kh8 21. c5 d5
22. b5 Bg7 23. bxc6 bxc6 24. Qb6 Qf6 25. Ra1 Rxa1 26. Rxa1 f4 27. Rf1 g4 28.
Qc7 f3 29. Qd6 fxe2 30. Ncxe2 Ba6 31. Qxf6 Rxf6 32. Ra1 Bxe2 33. Ra8+ Rf8 34.
Rxf8+ Bxf8 35. Nxe2 Bxc5 36. Ng3 Kg7 37. Kf1 Kg6 38. Ke1 h5 39. Ne2 Nd3+ 40.
Kf1 h4 41. Kg1 Bb6 42. Kf1 Kf5 43. g3 h3 44. Nc3 Ba5 45. Nd1 c5 46. Ke2 c4 47.
f4 gxf3+ 48. Kf1 c3 49. Nxc3 Bxc3 50. g4+ 0-1

[Event "Paris-ch Open B"]
[Site "Paris"]
[Date "2011.07.03"]
[Round "2.10"]
[White "Bonneville, Thaymour"]
[Black "Chazal, Philippe"]
[Result "1-0"]
[WhiteElo "1864"]
[BlackElo "1700"]
[PlyCount "53"]

1. e4 d5 2. exd5 Qxd5 3. Nc3 Qa5 4. d4 Nf6 5. Nf3 Bf5 6. Bd3 Bg6 7. O-O c6 8.
Re1 e6 9. Ne5 Be7 10. f4 Bxd3 11. Qxd3 O-O 12. f5 exf5 13. Qxf5 Nbd7 14. Nxc6
Qb6 15. Nxe7+ Kh8 16. Ned5 Qxd4+ 17. Be3 Qc4 18. Rad1 Rac8 19. Rd4 Qa6 20. Rh4
Rfe8 21. Rf1 Qe6 22. Qxe6 Rxe6 23. Nxf6 Nxf6 24. Bd4 Ng8 25. Rxf7 Nf6 26. Rxb7
Rxc3 27. Bxc3 1-0

[Event "Paris-ch Open B"]
[Site "Paris"]
[Date "2011.07.04"]
[Round "3.1"]
[White "Percheron, Andre"]
[Black "Vlahovic, Dimitri"]
[Result "1-0"]
[WhiteElo "1890"]
[BlackElo "1760"]
[PlyCount "71"]

1. e4 e6 2. d4 d5 3. Nc3 Nf6 4. Bg5 Be7 5. e5 Nfd7 6. Bxe7 Qxe7 7. Nb5 Nb6 8.
a4 a6 9. a5 Nc4 10. Bxc4 dxc4 11. Nc3 O-O 12. Nf3 b5 13. axb6 cxb6 14. Ne4 Bb7
15. Nd6 Bd5 16. b3 cxb3 17. c4 Bc6 18. Qxb3 Nd7 19. O-O f6 20. d5 exd5 21. cxd5
Nc5 22. Qxb6 Bxd5 23. Qxc5 Bxf3 24. gxf3 g6 25. Qd5+ Kg7 26. exf6+ Qxf6 27.
Rfe1 Rad8 28. Rxa6 Qxf3 29. Re7+ Kh6 30. Qxf3 Rxf3 31. Ne4 Rdf8 32. Kg2 R8f7
33. Raa7 Rxe7 34. Rxe7 Rf5 35. h4 Rf8 36. Ng5 1-0

[Event "Paris-ch Open B"]
[Site "Paris"]
[Date "2011.07.04"]
[Round "3.2"]
[White "Leclerc, Arnaud"]
[Black "Iosif, Florin"]
[Result "1/2-1/2"]
[WhiteElo "1883"]
[BlackElo "1750"]
[PlyCount "64"]

1. e4 b6 2. d4 Bb7 3. Nc3 e6 4. Nf3 Nf6 5. Bd3 h6 6. h3 Be7 7. Qe2 Nc6 8. a3 a6
9. e5 Nh7 10. Ne4 d6 11. exd6 cxd6 12. Bd2 Nf6 13. Ng3 Qd7 14. O-O O-O 15. Rfe1
Rfe8 16. c3 Bf8 17. Bc2 Ne7 18. Qd3 g6 19. Rad1 b5 20. Bc1 Rac8 21. Rd2 Bd5 22.
Qe2 Qc6 23. Ne4 Nxe4 24. Bxe4 Bxe4 25. Qxe4 Qxe4 26. Rxe4 a5 27. Re1 Nd5 28.
Rde2 Rc6 29. Be3 Rec8 30. Nd2 Nxe3 31. Rxe3 d5 32. Nb3 Ra8 1/2-1/2

[Event "Paris-ch Open B"]
[Site "Paris"]
[Date "2011.07.04"]
[Round "3.3"]
[White "Vuddamalay, Milan"]
[Black "Ernouf, Anthony"]
[Result "1-0"]
[WhiteElo "1766"]
[BlackElo "1874"]
[PlyCount "65"]

1. d4 Nf6 2. c4 g6 3. Nc3 Bg7 4. e4 d6 5. Be2 O-O 6. Nf3 c6 7. O-O Qc7 8. Ne1
e5 9. d5 Nbd7 10. Be3 h6 11. Rc1 Re8 12. Nd3 Nh7 13. b4 Nb6 14. Qb3 f5 15. c5
f4 16. cxb6 axb6 17. Bd2 c5 18. Nb5 Qd7 19. a4 Ng5 20. f3 h5 21. Nf2 Nf7 22. a5
bxa5 23. bxc5 Bf8 24. c6 bxc6 25. dxc6 Qd8 26. Bc4 Re7 27. Bd5 Ra6 28. Ra1 g5
29. Rxa5 Kg7 30. Rxa6 Bxa6 31. Ra1 Qb6 32. Nxd6 Qd4 33. Nf5+ 1-0

[Event "Paris-ch Open B"]
[Site "Paris"]
[Date "2011.07.04"]
[Round "3.4"]
[White "Duget, Long Jc"]
[Black "Joussim, Philippe"]
[Result "1-0"]
[WhiteElo "1870"]
[BlackElo "1747"]
[PlyCount "85"]

1. e4 e6 2. d4 d5 3. Nc3 Bb4 4. e5 Ne7 5. Bd2 Bd7 6. a3 Bxc3 7. Bxc3 b6 8. Nf3
c5 9. Be2 Nbc6 10. Qd2 h6 11. Rc1 c4 12. h3 b5 13. g4 g6 14. Ng1 a5 15. Bf3 Qb6
16. b4 axb4 17. axb4 Ra3 18. Ne2 Kd8 19. Kf1 Kc7 20. Kg2 Qb8 21. Ra1 Ra4 22.
Rab1 Qg8 23. Rhg1 g5 24. Ra1 Ra8 25. Rxa8 Qxa8 26. Ra1 Qb7 27. Qc1 Ra8 28. h4
Rxa1 29. Qxa1 gxh4 30. Bd2 Ng6 31. c3 Qc8 32. Bxh6 Kb7 33. Qc1 Qg8 34. Qg5 Nce7
35. Kh2 Kc7 36. Qf6 Be8 37. Bg5 Kd7 38. Nf4 Qh8 39. Nxg6 Qxf6 40. Nf8+ Kc7 41.
Bxf6 Ng6 42. Nxg6 fxg6 43. Kh3 1-0

[Event "Paris-ch Open B"]
[Site "Paris"]
[Date "2011.07.04"]
[Round "3.5"]
[White "Epstein, Raphael"]
[Black "Bonneville, Thaymour"]
[Result "0-1"]
[WhiteElo "1761"]
[BlackElo "1864"]
[PlyCount "120"]

1. c4 c6 2. Nf3 d5 3. b3 Nf6 4. Bb2 Bf5 5. d3 e6 6. h3 Nbd7 7. Nbd2 Be7 8. Nh4
Bg6 9. Nxg6 hxg6 10. Qc2 Qb6 11. Nf3 a5 12. e3 a4 13. Be2 axb3 14. axb3 Bb4+
15. Nd2 Rxa1+ 16. Bxa1 Qa5 17. Bb2 Nc5 18. Bc1 Qb6 19. Bd1 O-O 20. O-O Bxd2 21.
Bxd2 dxc4 22. bxc4 e5 23. Bc3 e4 24. d4 Ne6 25. Be2 Qc7 26. Ra1 b5 27. Bb4 Rb8
28. cxb5 cxb5 29. Qxc7 Nxc7 30. Ra5 Nfd5 31. Bd6 Rb7 32. Bd1 Rb6 33. Bc5 Ra6
34. Rxa6 Nxa6 35. Bd6 Nb6 36. Bb3 Nc4 37. Bxc4 bxc4 38. Kf1 f5 39. Ke2 Kf7 40.
d5 Ke8 41. Kd2 Kd7 42. Ba3 Nc7 43. Bf8 Nxd5 44. Bxg7 Kc6 45. Kc2 Kb5 46. Be5
Ka4 47. g3 Kb5 48. Bg7 Nb4+ 49. Kd2 Nd3 50. Ke2 Kb4 51. f3 c3 52. fxe4 c2 53.
Kxd3 c1=Q 54. exf5 Qc4+ 55. Kd2 gxf5 56. Bh6 Kb3 57. Bf4 Qc2+ 58. Ke1 Kc4 59.
g4 Kd3 60. Kf1 Ke4 0-1

[Event "Paris-ch Open B"]
[Site "Paris"]
[Date "2011.07.04"]
[Round "3.6"]
[White "Boutant, Jade"]
[Black "Mohammad, Fahim"]
[Result "0-1"]
[WhiteElo "1752"]
[BlackElo "1854"]
[PlyCount "80"]

1. c4 Nf6 2. Nc3 g6 3. g3 Bg7 4. Bg2 O-O 5. e3 c6 6. Nge2 d5 7. cxd5 Nxd5 8.
Nxd5 cxd5 9. d4 Nc6 10. O-O e6 11. b3 e5 12. Bb2 e4 13. f3 exf3 14. Rxf3 Bg4
15. Rf4 Qd7 16. Bc1 Bh6 17. Rf1 Rfe8 18. Qd3 Nb4 19. Qc3 Bxe2 20. Re1 a5 21.
Rxe2 Rac8 22. Qd2 Nc2 23. Rb1 Bxe3+ 24. Rxe3 Nxe3 25. Qd3 Nxg2 26. Kxg2 Qe6 27.
Kf3 Qe4+ 28. Qxe4 Rxe4 29. Bd2 b6 30. b4 Rxd4 31. Bh6 Rxb4 32. Rd1 d4 33. Rd2
f6 34. Bf4 Kf7 35. Bd6 Rbc4 36. Re2 Rc3+ 37. Kg4 h5+ 38. Kh4 Re3 39. Rd2 d3 40.
Kh3 Rc2 0-1

[Event "Paris-ch Open B"]
[Site "Paris"]
[Date "2011.07.04"]
[Round "3.7"]
[White "Taramelli, Marc"]
[Black "Vapillon, Marc"]
[Result "1/2-1/2"]
[WhiteElo "1853"]
[BlackElo "1730"]
[PlyCount "81"]

1. e4 e5 2. Nf3 Nc6 3. Bc4 Nf6 4. Ng5 d5 5. exd5 b5 6. dxc6 bxc4 7. Qe2 Qd5 8.
O-O Bd6 9. Nc3 Qxc6 10. Nge4 Bb7 11. d3 O-O-O 12. Be3 Bb4 13. f3 Ba6 14. Rfd1
cxd3 15. cxd3 Nxe4 16. Nxe4 f5 17. Rac1 Qg6 18. Qc2 Rd7 19. Nc5 Bxc5 20. Qxc5
Bb7 21. Kh1 Re8 22. Qxa7 Re6 23. Qa5 Qf6 24. d4 Ra6 25. Qxe5 Qxe5 26. dxe5 Rxa2
27. Bd4 Bd5 28. Bc3 c6 29. h3 g6 30. Rd4 Rda7 31. Kh2 R2a4 32. Rcd1 Rxd4 33.
Rxd4 Kd7 34. f4 Ke6 35. Rb4 Rg7 36. g4 h5 37. g5 Rd7 38. Rd4 Bc4 39. Rxd7 Kxd7
40. Kg2 Ke6 41. Kf2 1/2-1/2

[Event "Paris-ch Open B"]
[Site "Paris"]
[Date "2011.07.04"]
[Round "3.8"]
[White "Berranger, Arnaud"]
[Black "Bourcier, Laurent"]
[Result "0-1"]
[WhiteElo "1740"]
[BlackElo "1838"]
[PlyCount "96"]

1. e4 c5 2. Nc3 Nc6 3. f4 g6 4. Nf3 Bg7 5. Bb5 Nd4 6. O-O Nxb5 7. Nxb5 Nf6 8.
d3 O-O 9. Qe1 d6 10. h3 a6 11. Nc3 b5 12. Rb1 b4 13. e5 bxc3 14. exf6 Bxf6 15.
bxc3 Qa5 16. Ng5 Qxa2 17. Rb2 Qa4 18. Qh4 Bxg5 19. Qxg5 e6 20. Qf6 Qa5 21. f5
Qd8 22. fxg6 fxg6 23. Qxf8+ Qxf8 24. Rxf8+ Kxf8 25. Rb6 Ke7 26. Ba3 Ra7 27. Rb8
Rc7 28. Kf2 e5 29. h4 Bb7 30. g4 Ke6 31. Ke3 Rf7 32. Bc1 Rf3+ 33. Ke2 Rf7 34.
Ke3 d5 35. d4 cxd4+ 36. cxd4 e4 37. Re8+ Kd7 38. Rb8 Ke6 39. Re8+ Kd7 40. Rh8
Bc8 41. g5 Kc7 42. c3 Bd7 43. Ba3 Bb5 44. Rf8 Rxf8 45. Bxf8 a5 46. Ba3 Kc6 47.
Bc5 Bd3 48. Ba3 Kb5 0-1